000 00695nam a2200217 u 4500
005 20230323063527.0
008 151016s2013 r 000 0 eng d
035 _aUPN01000206088
049 _aCG
050 4 _aBL2747.8
_bV3.3
100 1 _aValadés Ríos, Diego,
_d1945-
_934935
245 1 0 _aLaicidad y cultura /
_cDiego Valadés.
260 _aMéxico :
_bUNAM, Instituto de Investigaciones Jurídicas,
_c2013.
300 _a60 p. :
_bil.
440 0 _aCuadernos "Jorge Carpizo".
_pPara entender y pensar la laicidad ;
_v25
650 4 _aSECULARISMO
_98612
650 4 _aIglesia y Estado
_zMéxico
_917667
650 4 _aRELIGION Y CULTURA
_914364
905 _aLibro
999 _c178189
_d178189